| 000 | 00459nam a22001457a 4500 | ||
|---|---|---|---|
| 999 |
_c9470 _d9470 |
||
| 008 | 151027b xxu||||| |||| 00| 0 eng d | ||
| 020 | _a9789966463791 | ||
| 050 | _aAFR PR 9402.9 .R81 1988 | ||
| 100 | _aRuganda, John. | ||
| 245 |
_aThe Floods : _ca play / |
||
| 260 |
_aNairobi : _bEast African Educational Publishers, _c1988. |
||
| 300 | _a156p. ; | ||
| 650 | _aAfrican-literature | ||
| 650 | _aAfrican drama | ||
| 942 |
_2lcc _cAFRICANA _hAFR PR 9402.9 .R81 1988 |
||